00857cam a22002415i 450000500170000000800410001701000170005802000380007504000280011305000240014108200190016510000170018424501010020126000210030226400530032330000480037633600260042433700280045033800270047850000200050550000400052565000500056520240807095320.0150520s2015 inu 000 0 eng  a 2015941934 a9781119059882 (pbk. : alk. paper) aDLCbengerdacDLCdDLC00aMLCM 2018/46506 (N) a720.284bDUE-A1 aDuell, Ryan,10aAutodesk revit architecture 2016 essentials /cRyan Duell, Tobias Hathorn, Tessa Reist Hathorn. aUSAbSybexc2015 1aIndianapolis, IN :bSybex, A Wiley Brandc[2015] axxiii, 375 pages :billustartions ;c23 cm atextbtxt2rdacontent aunmediatedbn2rdamedia avolumebnc2rdacarrier aIncludes index. aMinimal Level Cataloging Plus.5DLC 0aArchitectural drawingxComputer-aided design.